000 00673nam a22001937a 4500
005 20241115105834.0
008 241115b |||||||| |||| 00| 0 eng d
020 _a 9780547016429
050 _aQA154.2
_b.A93
100 _aAufmann, Richard N.
245 _aIntermediate Algebra/
_ban applied approach; student support edition
_cRichard N. Aufmann, Vernon C. Barker & Joanne S. Lockwood
250 _a7th Ed.
_binstructor's annotated edition
260 _aBoston
_bHoughton Mifflin Company
_c2009
300 _axxii various pagings
_bill. color
_c27.5cm
650 _2Algebra
700 _aBarker, Vernon C.
700 _aLockwood, Joanne S.
942 _2lcc
_cBK
_e7th Ed.
_n0
999 _c1235
_d1235